MARC

LEADER 00000nmm0a2200000 4500
001 8662
005 20231101204618.0
010 |a 0194356612 
035 |a (RuTPU)RU\TPU\book\8711 
035 |a BOOK00008770 
090 |a 8662 
100 |a 20011209d1997 m y0engy50 ba 
101 0 |a eng 
102 |a GB 
105 |a y j 000zy 
200 1 |a International express. Intermediate  |a Workbook  |f M. Macfarlane 
210 |a Oxford  |c Oxford University Press  |d 1997 
215 |a 96 p.  |e Прил.: 1 кассета 
606 1 |a Английский язык  |x Учебные руководства и пособия  |x Учебные руководства и пособия для высшей школы  |2 stltpush  |3 (RuTPU)RU\TPU\subj\29071  |9 52483 
610 1 |a лексика 
610 1 |a грамматика 
610 1 |a кассеты 
610 1 |a разговорная речь 
686 |a Ш143.21-923  |v LBC/SL-A  |2 rubbk 
700 1 |a Macfarlane  |b M.  |g Mike 
801 0 |a RU  |b 63413507  |c 20011209  |g PSBO 
801 2 |a RU  |b 63413507  |c 20221129  |g PSBO 
942 |c MX